[Event "Atom Cup GM 3rd"]
[Site "Paks"]
[Date "1998.??.??"]
[Round "8"]
[White "Horvath, Adam"]
[Black "Dumitrache, Dragos"]
[Result "1-0"]
[WhiteElo "2455"]
[BlackElo "2420"]

1.e4 g6 2.d4 Bg7 3.Nc3 d6 4.Be3 c6 5.Qd2 b5 6.f3 Nd7 7.Bd3 Ngf6 8.Nge2 a6
9.a4 Bb7 10.O-O O-O 11.Nd1 e5 12.c3 Qc7 13.Nf2 d5 14.b4 Rfe8 15.a5 Rad8 16.Bg5 Rc8
17.Rad1 h5 18.Bb1 Nh7 19.Be3 Rcd8 20.Qc1 Nhf8 21.Ba2 Qb8 22.Bg5 Rc8 23.f4 exd4
24.f5 dxc3 25.Nxc3 Kh8 26.Nd3 Nh7 27.fxg6 fxg6 28.Rf7 Ndf8 29.Bh6 Bd4+ 30.Kh1 Rc7
31.Rdf1 Rxf7 32.Rxf7 Bc8 33.e5 Be6 34.Rf4 Bxe5 35.Nxe5 Qxe5 36.Qf1 Kg8 37.Ne2 Bf5
38.Nd4 Qe1 39.Nxf5  1-0

[Event "Atom Cup GM 3rd"]
[Site "Paks"]
[Date "1998.??.??"]
[Round "11"]
[White "Naiditsch, Arkadij"]
[Black "Dumitrache, Dragos"]
[Result "1-0"]
[WhiteElo "2390"]
[BlackElo "2420"]

1.e4 g6 2.d4 Bg7 3.Nc3 d6 4.Be3 c6 5.Qd2 b5 6.Bd3 Nd7 7.f4 Ngf6 8.h3 e5 9.Nf3 exd4
10.Nxd4 b4 11.Na4 c5 12.Nb5 Nb6 13.Nxd6+ Kf8 14.Bxc5 Nfd7 15.Bxb4 Qh4+ 16.Kf1 Kg8
17.Nxb6 axb6 18.Bc4 Bxb2 19.Rb1 Qf6 20.Nxf7 Kg7 21.Rxb2  1-0

[Event "Paris op"]
[Site "Paris"]
[Date "1998.??.??"]
[Round "1"]
[White "Souevamanien, Pascal"]
[Black "Borzakian, Manouk"]
[Result "1-0"]
[WhiteElo "2190"]
[BlackElo "2035"]

1.e4 g6 2.d4 Bg7 3.Nc3 d6 4.Bg5 c6 5.Nf3 b5 6.a4 b4 7.Na2 a5 8.c3 bxc3 9.bxc3 Nf6
10.Bd3 d5 11.Bxf6 Bxf6 12.e5 Bg7 13.O-O O-O 14.h3 Na6 15.Qe2 c5 16.Bb5 Qc7
17.Rfe1 e6 18.Nc1 Bb7 19.Nd3 Rfc8 20.Qe3 cxd4 21.cxd4 Bf8 22.h4 Nb4 23.Rec1 Qd8
24.Nc5 Bxc5 25.dxc5 Nc6 26.Bxc6 Bxc6 27.h5 Rab8 28.hxg6 fxg6 29.Nd4 Qd7 30.Rab1 Rxb1
31.Rxb1 Bxa4 32.Rb6 Rxc5 33.Nxe6 Rc6 34.Rb8+ Rc8 35.Nc5 Rxb8 36.Nxd7 Bxd7
37.e6 Be8 38.Qa7 Rb5 39.Qe7 Rb8 40.Qd6 Rb5 41.Qd8 Kf8 42.Qf6+ Kg8 43.e7 Bf7
44.g4 Rb8 45.f4 Re8 46.f5 gxf5 47.gxf5 a4 48.Kf2 h5 49.Qh6 Rb8 50.f6 Rb2+
51.Ke1 Rg2 52.Qf8+  1-0

[Event "HUN-ch op"]
[Site "Pecs"]
[Date "1998.??.??"]
[Round "2"]
[White "Anka, Emil"]
[Black "Nagy, Janos"]
[Result "1/2-1/2"]
[WhiteElo "2420"]
[BlackElo "2260"]

1.e4 d6 2.d4 g6 3.Nc3 Bg7 4.Be3 c6 5.Qd2 b5 6.a4 b4 7.Nd1 a5 8.f3 Ba6 9.Bxa6 Nxa6
10.Ne2 Nf6 11.Bh6 O-O 12.Bxg7 Kxg7 13.Ne3 c5 14.c3 bxc3 15.bxc3 cxd4 16.cxd4 Nb4
17.O-O Rc8 18.Nc3 Qb6 19.Kh1 Rfd8 20.Rab1 e5 21.Ncd5 Nfxd5 22.Nxd5 Qa6 23.Nxb4 axb4
24.dxe5 dxe5 25.Qxb4 Rc2 26.Rg1 Rdd2 27.Qe7 Qf6 28.Qxf6+ Kxf6 29.Rb6+ Kg5
30.Rb5 f6 31.h3 Ra2 32.a5 Rd3 33.Rb7 h5 34.Rb6 h4 35.a6 Rda3 36.Rf1 Rxa6
37.Rxa6 Rxa6  1/2-1/2

[Event "HUN-ch op"]
[Site "Pecs"]
[Date "1998.??.??"]
[Round "4"]
[White "Forgo, Eva"]
[Black "Dergatschova Daus, Anna"]
[Result "1/2-1/2"]
[WhiteElo "2260"]
[BlackElo "2220"]

1.e4 g6 2.d4 Bg7 3.Nc3 d6 4.Nf3 Bg4 5.Be2 c6 6.h3 Bxf3 7.Bxf3 Qb6 8.Ne2 Nd7
9.O-O e5 10.c3 Ne7 11.a4 O-O 12.Be3 Qc7 13.Qb3 Kh8 14.g3 f5 15.exf5 Nxf5
16.Bg2 Rae8 17.Rae1 d5 18.Qc2 Nxe3 19.fxe3 Bh6 20.e4 dxe4 21.Qxe4 exd4 22.Rxf8+ Rxf8
23.Qxd4+ Bg7 24.Qe3 Qa5 25.Nf4 Be5 26.Nd3  1/2-1/2

[Event "HUN-ch op"]
[Site "Pecs"]
[Date "1998.??.??"]
[Round "7"]
[White "Turzo, Attila"]
[Black "Lakos, Nikoletta"]
[Result "0-1"]
[WhiteElo "2415"]
[BlackElo "2385"]

1.d4 g6 2.e4 Bg7 3.Nc3 d6 4.Be3 a6 5.a4 b6 6.Nf3 Bb7 7.Be2 Nf6 8.d5 O-O 9.h3 c6
10.O-O Nbd7 11.Nh2 b5 12.dxc6 Bxc6 13.axb5 axb5 14.Nxb5 Bxe4 15.c4 Bb7 16.Bd4 Nc5
17.b4 Ne6 18.Bc3 Rxa1 19.Bxa1 Nf4 20.Bf3 Qa8 21.Bxb7 Qxb7 22.Qf3 Qxf3 23.Nxf3 Nd3
24.Rb1 Ne4 25.Bxg7 Kxg7 26.Nbd4 Rb8 27.b5 Rb6 28.Nc6 e6 29.Ne7 Ndxf2 30.Nd4 Nd3
31.Ndc6 Nd2 32.Rd1 Nxc4 33.Rxd3 Rxb5 34.Rf3 Rb7 35.Nc8 d5 36.g4 h6 37.Nd4 Rc7  0-1

[Event "World op"]
[Site "Philadelphia"]
[Date "1998.??.??"]
[Round "6"]
[White "Hernandez, Gilberto"]
[Black "Gurevich, Dmitry"]
[Result "1/2-1/2"]
[WhiteElo "2525"]
[BlackElo "2540"]

1.e4 g6 2.d4 Bg7 3.Nc3 d6 4.Nge2 Nf6 5.g3 O-O 6.Bg2 e5 7.h3 Nbd7 8.O-O b6
9.Be3 Bb7 10.g4 a6 11.f4 exf4 12.Bxf4 Re8 13.Ng3 c5 14.dxc5 Nxc5 15.Qxd6 Nfxe4
16.Ncxe4 Nxe4 17.Nxe4 Bxe4 18.Qxd8 Raxd8 19.c3 Bxg2  1/2-1/2

[Event "World op"]
[Site "Philadelphia"]
[Date "1998.??.??"]
[Round "7"]
[White "Shaked, Tal"]
[Black "Gulko, Boris F"]
[Result "0-1"]
[WhiteElo "2535"]
[BlackElo "2585"]

1.e4 g6 2.d4 Bg7 3.Nc3 d6 4.Be3 c6 5.h3 b5 6.Bd3 e5 7.Nf3 exd4 8.Bxd4 Nf6
9.e5 dxe5 10.Bxe5 O-O 11.O-O Re8 12.Re1 Nbd7 13.Bd6 Bb7 14.Bf1 Qb6 15.Qd2 a6
16.Ne5 c5 17.Nxd7 Nxd7 18.Rxe8+ Rxe8 19.Bg3 Nf6 20.Rd1 b4 21.Nb1 Ne4 22.Qf4 Nxg3
23.Qxg3 Be5 24.Qb3 Qf6 25.Bc4 Bd4 26.Qg3 Bxb2 27.Qb3 Rd8 28.Bd3 Qg5  0-1

[Event "World op"]
[Site "Philadelphia"]
[Date "1998.??.??"]
[Round "8"]
[White "Karklins, Andrew"]
[Black "Baczynskyj, Boris"]
[Result "1-0"]
[WhiteElo "2350"]
[BlackElo "2305"]

1.e4 g6 2.d4 Bg7 3.Nc3 d6 4.Bf4 Nc6 5.Bb5 a6 6.Bxc6+ bxc6 7.Qd2 a5 8.O-O-O Bd7
9.e5 Qb8 10.Nge2 Qb7 11.Rhe1 Rb8 12.b3 Qb4 13.Ne4 Qa3+ 14.Kb1 f5 15.N4g3 h5
16.Qc3 e6 17.exd6 cxd6 18.Nxf5 exf5 19.Qg3 Kf7 20.Bxd6 h4 21.Qf4 Rb4 22.Bc5 Nf6
23.Nc3 Bf8 24.Qc7 a4 25.Qa7 Bxc5 26.dxc5 Rd8 27.Rd6 Rc4 28.Qc7 axb3 29.Rxf6+ Kxf6
30.Qxd8+ Kg7 31.Qxd7+ Kh6 32.Qd2+ f4 33.cxb3 Qb4 34.Kb2 Rd4 35.Qc2 Qxc5 36.Rd1 Rxd1
37.Nxd1 Qd4+ 38.Nc3 c5 39.Qe2  1-0

[Event "Plzen opJ-D"]
[Site "Plzen"]
[Date "1998.??.??"]
[Round "6"]
[White "Endler, B."]
[Black "Brousek, Jiri"]
[Result "1-0"]
[WhiteElo "1765"]
[BlackElo "1805"]

1.e4 g6 2.d4 Bg7 3.Nc3 d6 4.f4 c6 5.Nf3 Nf6 6.Be2 O-O 7.O-O Nbd7 8.e5 Ne8
9.Bd3 f5 10.Qe2 dxe5 11.Bc4+ Kh8 12.dxe5 Nb6 13.Bb3 e6 14.Be3 Nd5 15.Nxd5 cxd5
16.Rad1 b6 17.c4 Bb7 18.cxd5 Bxd5 19.Ng5 Nc7 20.Nxe6 Nxe6 21.Bxd5 Qe7 22.Bxa8 Rxa8
23.Rd6 g5 24.Qc4 Nxf4 25.Bxf4 gxf4 26.Re6 Qd7 27.Rxf4 Rc8 28.Qb3 Rc1+ 29.Kf2 Qd2+
30.Kg3 Qd8 31.Rxf5 Rd1 32.Qxd1 Qxd1 33.Re8+ Bf8 34.Rexf8+ Kg7 35.R8f7+ Kg8
36.Rf8+ Kg7 37.R5f7+ Kg6 38.Rf6+ Kg7 39.R8f7+ Kg8 40.e6 Qd3+ 41.Kh4 Qe4+
42.g4 Qe1+ 43.Rf2 Qxe6 44.Rf8+ Kg7 45.R2f7+ Qxf7 46.Rxf7+ Kxf7 47.Kg5 Kg7
48.h4 Kf7 49.Kf5 Kg7 50.g5 Kf8 51.Kf6 Kg8 52.h5 Kf8 53.g6 hxg6 54.hxg6 Kg8
55.g7 b5 56.b4  1-0

[Event "Plzen opJ-D"]
[Site "Plzen"]
[Date "1998.??.??"]
[Round "9"]
[White "Endler, B."]
[Black "Goldobin, T."]
[Result "1/2-1/2"]
[WhiteElo "1765"]
[BlackElo "1815"]

1.e4 g6 2.d4 Bg7 3.Nc3 d6 4.f4 Nf6 5.Nf3 O-O 6.Be2 c5 7.O-O cxd4 8.Nxd4 Nc6
9.Be3 Nd7 10.Qd2 Nxd4 11.Bxd4 Bxd4+ 12.Qxd4 Qb6 13.Qxb6 Nxb6 14.Rad1 f5 15.Bf3 Rb8
16.g3 Bd7 17.Rfe1 Kg7 18.e5 dxe5 19.Rxe5 Bc6 20.Bxc6 bxc6 21.Rc5 Nd5 22.Nxd5 cxd5
23.b3 Rb7 24.Rdxd5 e6 25.Rd6 Re8 26.Kf2 Kf6 27.Rcc6 Ree7 28.Ke3 Rb4 29.c4 Rbb7
30.h4 h5 31.Kd4 Rb8 32.Kc5 Kf7 33.b4 e5 34.Rf6+ Ke8 35.Rfe6 e4 36.Kd4 Rd8+
37.Ke3 Rd3+ 38.Kf2 Rd2+ 39.Ke3 Rd3+ 40.Kf2 Rd2+ 41.Ke3 Rd3+  1/2-1/2

[Event "CRO-chT2"]
[Site "Pula"]
[Date "1998.??.??"]
[Round "1"]
[White "Krstic, Uros"]
[Black "Mrkonjic, Nenad"]
[Result "0-1"]
[WhiteElo "2265"]
[BlackElo "2270"]

1.e4 g6 2.d4 Bg7 3.Nc3 d6 4.Be3 c6 5.Qd2 b5 6.Bd3 a5 7.Nf3 Na6 8.a4 b4 9.Ne2 Nc7
10.O-O Ba6 11.c4 d5 12.Rac1 Nf6 13.e5 Ng4 14.cxd5 Nxe3 15.fxe3 cxd5 16.Bxa6 Nxa6
17.e6 f6 18.Qd3 O-O 19.Qb5 Bh6 20.Kf2 b3 21.Rc3 Nb4 22.Rxb3 Qd6 23.Qd7 Qxd7
24.exd7 Rfd8 25.Rc1 Rxd7 26.Rc5 Raa7 27.Ne1 e6 28.Rbc3 Kf7 29.Rb5 Bf8 30.Nf4 Bd6
31.Nfd3 h5 32.h3 h4 33.Ke2 g5 34.Nc5 Rdc7 35.Nb3 Rcb7 36.Rxb7+ Rxb7 37.Nxa5 Ra7
38.Nc6 Rxa4 39.Nd3 Nxd3 40.Kxd3 Ra1 41.Nd8+ Ke7 42.Nb7 Rg1 43.Rc2 Bb4 44.Nc5 e5
45.dxe5 fxe5 46.Na4 e4+  0-1

[Event "CRO-chT2"]
[Site "Pula"]
[Date "1998.??.??"]
[Round "3"]
[White "Zelic, Mladen"]
[Black "Delchev, Aleksander"]
[Result "1/2-1/2"]
[WhiteElo "2365"]
[BlackElo "2545"]

1.e4 g6 2.d4 Bg7 3.Nc3 d6 4.f4 Nf6 5.Nf3 O-O 6.Bd3 Nc6 7.O-O e5 8.dxe5 dxe5
9.f5 gxf5 10.exf5 e4 11.Nxe4 Bxf5 12.Nxf6+ Qxf6 13.Bg5 Qe6 14.Kh1 Bxd3 15.Qxd3 Qg4  1/2-1/2

[Event "CRO-Cup"]
[Site "Pula"]
[Date "1998.??.??"]
[Round "4"]
[White "Kristovic, Marijan"]
[Black "Arapovic, Vitomir"]
[Result "1/2-1/2"]
[WhiteElo "2295"]
[BlackElo "2435"]

1.e4 g6 2.d4 Bg7 3.Nc3 d6 4.Be3 c6 5.Qd2 Nd7 6.f3 b5 7.a3 a6 8.h4 h5 9.Nh3 Ngf6
10.Ng5 Nb6 11.b3 Qc7 12.a4 Rb8 13.Bd3 e5 14.dxe5 dxe5 15.axb5 axb5 16.Bxb5 cxb5
17.Nxb5 Qc6 18.Nd6+ Kf8 19.Ndxf7 Ne8 20.Nxh8 Bxh8 21.Qb4+ Kg8 22.Ra7 Bf6
23.O-O Nd7 24.Qd2 Nf8 25.Rd1 Ne6 26.Qd5 Qxd5 27.exd5 Nd4 28.Bxd4 exd4 29.Ne4 Bd8
30.Rxd4 Bb6 31.Ra4 Bf5 32.Kf1 Bxd4 33.Rxd4 Kf7 34.Ke2 Nf6 35.Nd6+ Ke7 36.Nxf5+ gxf5
37.Rf4 Rc8 38.c4 Rb8 39.Rxf5 Rxb3 40.Re5+ Kd8 41.Re6 Nd7 42.Rh6 Rc3 43.Rxh5 Rxc4
44.g4 Ke7 45.Rf5 Nf6 46.h5 Rd4 47.h6 Rxd5 48.h7 Rd8 49.g5 Nxh7 50.f4 Ke6
51.Re5+ Kf7 52.Kf3 Rd4 53.Kg4 Nf8 54.Rf5+ Kg7 55.Rf6 Ng6 56.Kf3 Nxf4  1/2-1/2

[Event "Pula op"]
[Site "Pula"]
[Date "1998.??.??"]
[Round "4"]
[White "Kos, Toni"]
[Black "Gorbatow, Alexej"]
[Result "0-1"]
[WhiteElo "2300"]
[BlackElo "2435"]

1.e4 g6 2.d4 Bg7 3.Nc3 d6 4.Be2 a6 5.h4 h6 6.Be3 b5 7.a3 Bb7 8.f4 h5 9.Nf3 Nh6
10.Ng5 e6 11.g4 Nxg4 12.Bxg4 hxg4 13.Qxg4 Nd7 14.O-O-O Qe7 15.Qe2 Nf6 16.Rh3 O-O-O
17.Bf2 Nh5 18.Rf3 f6 19.Nh3 Bh6 20.Kb1 c5 21.dxc5 dxc5 22.Rxd8+ Rxd8 23.Nxb5 axb5
24.Qxb5 Bxe4 25.Rc3 Rd1+ 26.Ka2 Bd5+ 27.b3 c4 28.bxc4 Bb7 29.Be3 Bg7 30.Nf2 Rd7
31.Nd3 Rc7 32.Bb6 f5 33.Rb3 Rd7 34.c5 Bd5 35.c4 Be4 36.c6 Ra7 37.Bc5 Qc7
38.Bxa7 Qxa7 39.c5 Bd5 40.Nb4 Bxb3+ 41.Kxb3 Nxf4 42.Qb6 Qa8 43.Qb5 Be5 44.a4 Nd5
45.Na6 Nc7 46.Nxc7 Bxc7 47.Kc2 e5 48.Kd3 e4+ 49.Kd4 Qa5 50.Qb2 Qxa4+ 51.Kd5 e3  0-1

[Event "CRO-chT2"]
[Site "Pula"]
[Date "1998.??.??"]
[Round "6"]
[White "Krstic, Uros"]
[Black "Vukovic, Ivo"]
[Result "1-0"]
[WhiteElo "2265"]
[BlackElo "2335"]

1.e4 d6 2.d4 g6 3.Nc3 Bg7 4.Be3 c6 5.Qd2 b5 6.Bd3 a6 7.h3 Nd7 8.f4 Bb7 9.Nf3 c5
10.O-O cxd4 11.Bxd4 Bxd4+ 12.Nxd4 Qb6 13.Qf2 Ngf6 14.Rae1 e5 15.fxe5 dxe5
16.Nb3 Qxf2+ 17.Rxf2 Ke7 18.Na5 Rab8 19.a4 b4 20.Nb1 Rhf8 21.Nxb7 Rxb7 22.Bxa6 Ra7
23.Bb5 Nc5 24.c3 b3 25.Nd2 Nh5 26.Kh2 Nf4 27.Re3 f6 28.g3 Nh5 29.c4 Rd8 30.Nxb3 Nxa4
31.Rc2 Ng7 32.Bxa4 Rxa4 33.Nc5 Rb4 34.Na6 Ra4 35.Nc7 Rd1 36.Nd5+ Ke6 37.Rb3 Raa1
38.Rb6+ Kf7 39.Rxf6+ Ke8 40.g4 Rh1+ 41.Kg3 Rag1+ 42.Rg2 Re1 43.Rgf2 Reg1+
44.Kf3 Kd8 45.Ke3 Rxh3+ 46.Kd2 Ne8 47.Rb6 Rxg4 48.Rb8+ Kd7 49.Rxe8 Kxe8 50.Nf6+ Ke7
51.Nxg4 Kd6 52.Ne3 Kc5 53.Kd3 Rg3 54.Rc2 h5 55.b4+  1-0

[Event "Pula op"]
[Site "Pula"]
[Date "1998.??.??"]
[Round "7"]
[White "Fercec, Nenad"]
[Black "Kosanski, Stanko"]
[Result "1-0"]
[WhiteElo "2455"]
[BlackElo "2365"]

1.e4 g6 2.d4 Bg7 3.Nc3 d6 4.f4 Nc6 5.Be3 Nf6 6.Be2 e6 7.Nf3 O-O 8.Qd2 Ne7
9.O-O-O b6 10.e5 Nfd5 11.Nxd5 Nxd5 12.h4 Nxe3 13.Qxe3 Bb7 14.h5 Qe7 15.hxg6 hxg6
16.Ng5 Bxg2 17.Rh2 Bb7 18.Bd3 Rfd8 19.Qh3 dxe5 20.Bxg6 fxg6 21.Qh7+ Kf8 22.Qxg6 Qe8
23.Nxe6+ Ke7 24.Qxg7+ Kxe6 25.Qxe5+ Kd7 26.Rh7+  1-0

[Event "Pula op"]
[Site "Pula"]
[Date "1998.??.??"]
[Round "9"]
[White "Sermek, Drazen"]
[Black "Delchev, Aleksander"]
[Result "0-1"]
[WhiteElo "2510"]
[BlackElo "2545"]

1.e4 g6 2.d4 Bg7 3.Nc3 d6 4.Nf3 Nf6 5.Bc4 O-O 6.Qe2 c6 7.e5 Nd5 8.Bd2 Bg4
9.Nxd5 cxd5 10.Bxd5 Nc6 11.Bxc6 bxc6 12.Bf4 c5 13.dxc5 Qa5+ 14.c3 Qxc5 15.O-O dxe5
16.Be3 Qc7 17.h3 Be6 18.Rfc1 e4 19.Nd2 f5 20.f4 Rad8 21.Nb3 Bc4 22.Qf2 g5
23.Rd1 gxf4 24.Bxf4 e5 25.Bg5 Rxd1+ 26.Rxd1 f4 27.Qc5 Qf7 28.Be7 Re8 29.Rd7 Bxb3
30.axb3 Bf8 31.Bxf8 Qxd7 32.Bd6 Qe6  0-1

[Event "Radenci op"]
[Site "Radenci"]
[Date "1998.??.??"]
[Round "?"]
[White "Sermek, Drazen"]
[Black "Djurkovic, Maks"]
[Result "1-0"]
[WhiteElo "2510"]
[BlackElo "2145"]

1.e4 g6 2.d4 Bg7 3.Nc3 d6 4.Bg5 c6 5.Qd2 b5 6.f4 Nd7 7.Nf3 Nb6 8.Bd3 f6 9.Bh4 Nh6
10.O-O O-O 11.h3 Qc7 12.a4 b4 13.a5 bxc3 14.axb6 axb6 15.Qxc3 Bb7 16.Bc4+ Kh8
17.Be6 c5 18.d5 Ba6 19.Rfe1 Nf7 20.e5 g5 21.fxg5 dxe5 22.Bg3 Nd6 23.Nxe5 fxe5
24.Bxe5 Ne8 25.Qg3 Bxe5 26.Rxe5 Ng7 27.g6 Be2 28.Re1 Nxe6 29.dxe6 Rf5 30.Qh4 Bh5
31.g7+ Kxg7 32.Rxf5 Bg6 33.Qg5 Kh8  1-0

[Event "Recklinghausen op"]
[Site "Recklinghausen"]
[Date "1998.??.??"]
[Round "?"]
[White "Feigin, Mihail"]
[Black "Beckmann, Klaus"]
[Result "1-0"]
[WhiteElo "2500"]
[BlackElo "2285"]

1.e4 d6 2.d4 g6 3.Nc3 Bg7 4.Be3 c6 5.f4 Nf6 6.Nf3 O-O 7.Qd2 b5 8.e5 b4 9.Nd1 Nd5
10.a3 Nxe3 11.Nxe3 Bh6 12.g3 bxa3 13.Rxa3 f6 14.Bg2 Ba6 15.h4 fxe5 16.dxe5 Qb6
17.h5 Bg7 18.hxg6 dxe5 19.Nxe5 Bxe5 20.fxe5 Rd8 21.Nd5 Rxd5 22.Bxd5+ cxd5
23.Qxd5+  1-0

[Event "Regensburg op"]
[Site "Regensburg"]
[Date "1998.??.??"]
[Round "3"]
[White "Maiwald, Jens Uwe"]
[Black "Lichtenstern, Christoph"]
[Result "1-0"]
[WhiteElo "2460"]
[BlackElo "2205"]

1.e4 g6 2.d4 Bg7 3.Nc3 d6 4.Be3 Nf6 5.Qd2 O-O 6.h3 c6 7.Nf3 b5 8.Bd3 Nbd7
9.Bh6 e5 10.O-O Re8 11.Bxg7 Kxg7 12.b4 Qb6 13.dxe5 Nxe5 14.Nxe5 dxe5 15.a4 Bd7
16.a5 Qc7 17.f4 exf4 18.Rxf4 Qe5 19.Raf1 Re6 20.Ne2 Rd6 21.Qe3 Be8 22.R4f3 a6
23.c3 Bd7 24.Nd4 Re8 25.Rf4 Re7 26.Qf2 Be8 27.Nf5+ gxf5 28.Rxf5 Qxc3 29.Qg3+ Ng4
30.Qxd6 Rd7  1-0

[Event "VISA GP"]
[Site "Reykjavik"]
[Date "1998.??.??"]
[Round "6"]
[White "Finnlaugsson, Gunnar"]
[Black "Petermann, Hubert"]
[Result "1-0"]
[WhiteElo "2215"]
[BlackElo "2125"]

1.e4 d6 2.d4 g6 3.Nc3 Bg7 4.Nf3 Nf6 5.Be2 O-O 6.h3 c6 7.O-O b5 8.e5 Ne8 9.Bf4 a5
10.Re1 d5 11.Bd3 Na6 12.Ne2 Nb4 13.Ng3 Nc7 14.Bf1 Ne6 15.Bd2 Qb6 16.c3 Na6
17.Ng5 c5 18.Nxe6 Bxe6 19.dxc5 Nxc5 20.Be3 Qc6 21.f4 Rad8 22.Ne2 Ne4 23.Nd4 Qb7
24.Bxb5 g5 25.a4 gxf4 26.Bxf4 Kh8 27.Rf1 Rg8 28.Qh5 Qc8 29.Kh2 Rdf8 30.Rae1 f5
31.exf6 Rxf6 32.Nxe6 Qxe6 33.g3 Rf5 34.Qe2 Be5 35.Bd3 Bxf4 36.gxf4 Qd6 37.Qe3 Ng3
38.Rf3 Ne4 39.Bxe4 dxe4 40.Qxe4 Qg6 41.Qd4+ e5 42.Qf2 exf4 43.Qd4+ Qf6 44.Re4 Qxd4
45.Rxd4 Rfg5 46.Rd2 Rf5 47.Rdf2 Rb8 48.Kg2 Kg7 49.Kf1 Kg6 50.Ke1 Re5+ 51.Kd1 Re4
52.Kc2 Kf5 53.b3 Ke5 54.Rd3 Re3 55.Rd7 Rxh3 56.Re7+ Kf6 57.Re4 Kg5 58.Rexf4 Rd8
59.Rf5+ Kg4 60.R2f4+ Kg3 61.Rf3+ Kg4 62.Rxh3  1-0

[Event "NLD-ch (Women)"]
[Site "Rheden"]
[Date "1998.??.??"]
[Round "4"]
[White "De Kleuver, Esther"]
[Black "Bosboom Lanchava, Tea"]
[Result "0-1"]
[WhiteElo "2190"]
[BlackElo "2260"]

1.e4 d6 2.d4 g6 3.Nc3 Bg7 4.Nge2 c6 5.a4 Nd7 6.g3 b6 7.Bg2 Bb7 8.O-O e6 9.Be3 Ngf6
10.h3 e5 11.Qd2 O-O 12.g4 Re8 13.Ng3 Nf8 14.f4 Ne6 15.fxe5 dxe5 16.d5 cxd5
17.exd5 Nd4 18.Bg5 h6 19.Bxh6 Nxd5 20.Nce4 Ne6 21.Bxg7 Kxg7 22.Rad1 Qc7 23.Ng5 Nef4
24.N5e4 Nxg2 25.Kxg2 Nf4+ 26.Kh2 Rh8 27.Rxf4 exf4 28.Qd4+ Kh7 29.Nf6+ Kh6
30.g5+ Kxg5 31.Nge4+ Bxe4 32.Nxe4+ Kh6 33.Nd6 Rhd8 34.Qxf4+ Kh7 35.Rd2 Rd7
36.Qh4+ Kg8 37.Qf6 Rad8  0-1

[Event "NLD-ch (Women)"]
[Site "Rheden"]
[Date "1998.??.??"]
[Round "7"]
[White "De Kleuver, Esther"]
[Black "Wuts, Helene"]
[Result "0-1"]
[WhiteElo "2190"]
[BlackElo "2095"]

1.e4 d6 2.d4 g6 3.Nc3 Bg7 4.Nge2 Nf6 5.g3 O-O 6.Bg2 e5 7.h3 Nc6 8.Be3 Re8
9.O-O exd4 10.Nxd4 Bd7 11.Re1 a6 12.a4 Na5 13.b3 c5 14.Nde2 Bc6 15.Qd3 Bf8
16.Rad1 Nd7 17.Nf4 c4 18.bxc4 Ne5 19.Qe2 Naxc4 20.Bd4 Rb8 21.Nfd5 b5 22.f4 Nd7
23.Nb4 Qc8 24.Nxc6 Qxc6 25.e5 Qc8 26.axb5 axb5 27.Nd5 dxe5 28.fxe5 Bc5 29.Kh2 Bxd4
30.Rxd4 Ncxe5 31.Re4 Kg7 32.Qd2 Qc5 33.Nf4 f6 34.Rf1 Nb6 35.Rd4 Nbc4 36.Qc3 b4
37.Qa1 Ne3 38.Rf2 Nxc2 39.Rxc2 Qxc2 40.Qa7+ Kh8 41.Kh1 Nf3 42.Qa6 Re1+  0-1

[Event "NLD-ch (Women)"]
[Site "Rheden"]
[Date "1998.??.??"]
[Round "8"]
[White "Bos Swiecik, Iwona"]
[Black "Bosboom Lanchava, Tea"]
[Result "1/2-1/2"]
[WhiteElo "2125"]
[BlackElo "2260"]

1.e4 d6 2.d4 g6 3.Nc3 Bg7 4.Nf3 Nf6 5.Be2 O-O 6.O-O c6 7.a4 Nbd7 8.Be3 Qc7
9.Qd2 Ng4 10.Bg5 f6 11.Bh4 e5 12.Rad1 Nh6 13.Bc4+ Nf7 14.h3 a6 15.dxe5 dxe5
16.Qd6 Qb6 17.Bb3 Re8 18.Qd2 Nf8 19.Qe2 Ne6 20.Qc4 Qc7 21.Ra1 b5 22.axb5 axb5
23.Qe2 Rxa1 24.Rxa1 Nd4 25.Nxd4 exd4 26.Nd1 f5 27.Bg3 Qe7 28.f3 fxe4 29.fxe4 Qxe4
30.Qxe4 Rxe4 31.Nf2 Re8 32.Nd3 Kf8 33.Nc5 Be5 34.Bh4 g5 35.Rf1 gxh4 36.Rxf7+ Kg8
37.Re7+ Kf8 38.Rf7+  1/2-1/2

[Event "SWE-ch qualA"]
[Site "Ronneby"]
[Date "1998.??.??"]
[Round "?"]
[White "Laveryd, Peter"]
[Black "Johansson, Toni"]
[Result "1-0"]
[WhiteElo "2425"]
[BlackElo "2110"]

1.e4 g6 2.d4 Bg7 3.Nc3 d6 4.Be3 Nf6 5.Qd2 c6 6.h3 Qa5 7.Nf3 O-O 8.Bd3 e5
9.dxe5 dxe5 10.O-O Nbd7 11.a3 Qc7 12.Rfd1 b5 13.a4 b4 14.Ne2 c5 15.Ng3 Bb7
16.Bb5 Rfd8 17.Qd6 Qa5 18.Nd2 Ne8 19.Nc4 Nxd6 20.Nxa5 Nxb5 21.Nxb7 Nd4 22.Nxd8 Rxd8
23.c3 Nc2 24.Rac1 Nxe3 25.fxe3 Bh6 26.Nf1 b3 27.c4 Kf8 28.Rc3 Ke8 29.Rxb3 Rc8
30.Rb7 Nf6 31.a5 a6 32.Kf2 Nxe4+ 33.Ke2 Bf8 34.Rb6 Be7 35.Rxa6 Bd8 36.Rd5 f6
37.Nd2 Ng3+ 38.Kf2 Nf5 39.b3 Ne7 40.Rdd6 Nf5 41.Rd3  1-0

[Event "SWE-ch qualA"]
[Site "Ronneby"]
[Date "1998.??.??"]
[Round "?"]
[White "Lind, Jan Olov"]
[Black "Johansson, Toni"]
[Result "1-0"]
[WhiteElo "2310"]
[BlackElo "2110"]

1.e4 g6 2.d4 Bg7 3.Nc3 d6 4.Bc4 Nf6 5.Qe2 O-O 6.e5 Nfd7 7.e6 fxe6 8.Bxe6+ Kh8
9.Nf3 Nc6 10.Be3 Rxf3 11.Qxf3 Nxd4 12.Bxd4 Bxd4 13.O-O Ne5 14.Qh3 Qf8 15.Rae1 Bxe6
16.Qxe6 Qg7 17.Kh1 Rf8 18.f4 Nc6 19.Nd5 Bxb2 20.Nxc7 Qh6 21.Nd5 Qh4 22.Re3 Be5
23.Rh3 Qg5 24.Rhf3 Qh4 25.fxe5 Rxf3 26.gxf3 dxe5 27.Qf7 Qh6 28.Nxe7  1-0

[Event "Roskilde op"]
[Site "Roskilde"]
[Date "1998.??.??"]
[Round "8"]
[White "Nielsen, Morten"]
[Black "Andreasen, Per"]
[Result "0-1"]
[WhiteElo "2150"]
[BlackElo "2290"]

1.e4 g6 2.d4 Bg7 3.Nc3 d6 4.Be2 Nf6 5.g4 c5 6.g5 Nfd7 7.d5 Na6 8.h4 Nc7 9.a4 a6
10.Qd3 Rb8 11.h5 b5 12.f4 b4 13.Nd1 e6 14.dxe6 Nxe6 15.hxg6 hxg6 16.Rxh8+ Bxh8
17.Qxd6 Nd4 18.Ne3 Rb6 19.Qd5 Bb7 20.Qc4 Bxe4 21.c3 bxc3 22.bxc3 Nc2+ 23.Nxc2 Bxc2
24.Bg4 Qe7+ 25.Kf2 Bb3 26.Qd3 Be6 27.Bxe6 Qxe6 28.Bd2 Rd6 29.Qc2 Kf8 30.Re1 Qd5
31.Nf3 c4 32.Qe4 Nc5 33.Qe8+ Kg7 34.Re5 Nd3+ 35.Kg3 Nxe5 36.fxe5 Rd8 37.Qe7 Rd7
38.Qe8 Qe6 39.Qa8 Rd3 40.Qe4 Kg8 41.Be3 Rxc3 42.Bf4 Rd3 43.Qa8+ Kg7 44.Kh4 Qd5
45.Qc6  0-1

[Event "Saint Affrique op"]
[Site "Saint Affrique"]
[Date "1998.??.??"]
[Round "6"]
[White "Fontaine, Robert"]
[Black "Chatalbashev, Boris"]
[Result "1-0"]
[WhiteElo "2365"]
[BlackElo "2550"]

1.e4 g6 2.d4 Bg7 3.Nc3 d6 4.g3 Nf6 5.Bg2 O-O 6.Nge2 e5 7.h3 Nc6 8.Be3 exd4
9.Nxd4 Re8 10.O-O Bd7 11.Re1 a6 12.f4 Nxd4 13.Bxd4 Bc6 14.Qd2 Re7 15.Nd5 Bxd5
16.exd5 Nh5 17.Bf2 Bxb2 18.Rab1 Rxe1+ 19.Qxe1 Qf6 20.Qb4 Bc3 21.Qxb7 Re8
22.Qxa6 Bd4 23.Qd3 Bxf2+ 24.Kxf2 g5 25.Qf3 Qf5 26.Kg1 gxf4 27.Qg4+ Qxg4 28.hxg4 Nxg3
29.Rb4 Re1+ 30.Kh2 Ne2 31.Bf3 Rc1 32.Rc4 Ng3 33.Rxf4 Nf1+ 34.Kg2 Nd2 35.Be2 Rxc2
36.Kf2 Rxa2 37.Ke3 Nb3 38.g5 Nc5 39.Bh5 Ra3+ 40.Ke2 Rg3 41.Rf5 Ne4 42.Bxf7+ Kg7
43.Be8 Nxg5 44.Rf4 Rc3 45.Rb4 Kf6 46.Bc6 h5 47.Be8 Ke5 48.Bxh5 Kxd5 49.Rg4 Ne6
50.Bf7 Ke5 51.Kd2 Rf3 52.Bg6 d5 53.Rh4 Nf4 54.Bc2 c5  1-0

[Event "Balazs mem op"]
[Site "Salgotarjan"]
[Date "1998.??.??"]
[Round "7"]
[White "Meszaros, Andras"]
[Black "Frink, Ferenc"]
[Result "1-0"]
[WhiteElo "2350"]
[BlackElo "2220"]

1.e4 g6 2.d4 Bg7 3.Nc3 d6 4.f4 Nf6 5.Nf3 O-O 6.Bd3 c5 7.dxc5 dxc5 8.e5 Nd5
9.Nxd5 Qxd5 10.Qe2 Qd8 11.O-O e6 12.Be3 Qc7 13.Ng5 b6 14.Qf3 Bb7 15.Qh3 h6
16.Nxe6 fxe6 17.Qxe6+ Qf7 18.Qxg6 Qxg6 19.Bxg6 Nc6 20.Be4 Rab8 21.Rad1 Ne7
22.Bxb7 Rxb7 23.c3 Nf5 24.Bc1 h5 25.Rf3 Kf7 26.Rfd3 Ke6 27.g3 Rg8 28.Kf2 Bf8
29.Rd8 Rbg7 30.Kf3 Be7 31.Rxg8 Rxg8 32.Be3 Rd8 33.Rxd8 Bxd8 34.c4 Be7 35.Bf2 a5
36.h3 a4 37.g4 hxg4+ 38.hxg4 Nd4+ 39.Bxd4 cxd4 40.Ke4 Bc5 41.f5+ Kf7 42.g5 Kg7
43.e6 Be7 44.f6+ Bxf6 45.gxf6+ Kxf6 46.Kxd4 Kxe6 47.c5 b5 48.a3  1-0

[Event "Balazs mem op"]
[Site "Salgotarjan"]
[Date "1998.??.??"]
[Round "8"]
[White "Frink, Ferenc"]
[Black "Tajti, Janos Sandor"]
[Result "1/2-1/2"]
[WhiteElo "2220"]
[BlackElo "2130"]

1.e4 g6 2.d4 Bg7 3.Nc3 d6 4.f4 c5 5.dxc5 Qa5 6.cxd6 Bxc3+ 7.bxc3 Qxc3+ 8.Bd2 Qd4
9.Bd3 Bg4 10.Qc1 Qxd6 11.Qb2 Nf6 12.Qxb7 O-O 13.h3 Bd7 14.e5 Qd4 15.Rb1 Bc6
16.Qb4 Qxb4 17.Rxb4 Nd5 18.Rb1 Nd7 19.Ne2 Nc5 20.Nd4 Nxd3+ 21.cxd3 Rab8 22.Ke2 Ba8
23.Rhc1 Nb6 24.g3 Rfc8 25.Rxc8+ Rxc8 26.Rc1 Rxc1 27.Bxc1 Bd5 28.a3 a6 29.Nc2 Bg2
30.h4 Nd5 31.Nd4 Bh3 32.Nb3 Kf8 33.Nc5 Bc8 34.Bd2 h5 35.d4 Ke8 36.Kd3 e6
37.Kc4 Kd8 38.Ne4 Bd7 39.Ba5+ Ke8 40.Kc5 Ba4 41.Kd6 Kf8 42.Nc5 Bb5 43.Bb4 Ke8
44.Bd2 Kd8 45.Ba5+ Ke8 46.a4 Be2 47.Kc6 Bf3 48.Kd6 Bd1 49.Bd2 Be2 50.Be1 Kd8
51.Kc6 Kc8 52.Nb7 Ne7+ 53.Kb6 Kb8 54.Nc5 Nd5+ 55.Ka5 Ka7 56.Ne4 Ne7 57.Kb4 Kb6
58.a5+ Kc7 59.Kc5 Nc6 60.Ng5 Nd8 61.d5 exd5 62.Kxd5 Kd7 63.Bf2 Bd1 64.Bb6 Bb3+
65.Kc5 Ne6+ 66.Kb4 Nxg5 67.hxg5 Bd1  1/2-1/2